000
00326nam a2200133Ia 4500
008
200103s9999||||xx |||||||||||||| ||und||
040
_a
IMU-MPC
082
_a
Column-20
100
_a
Camm, F.J.
245
0
_a
Newnes' Slide Rule Manual
260
_b
D.B. Taraporevala sons & Co. Pvt. Ltd.
_c
1966
300
_a
112
942
_c
BK
999
_c
6492
_d
6492